| 000 | 00454nam a2200157Ia 4500 | ||
|---|---|---|---|
| 999 |
_c19013 _d19013 |
||
| 003 | OSt | ||
| 005 | 20200610103420.0 | ||
| 008 | 190216s9999||||xx |||||||||||||| ||und|| | ||
| 040 | _coclc | ||
| 082 |
_a297 _bALI/R |
||
| 100 |
_aAli, Maulana Muhammad _92176 |
||
| 245 | 4 |
_aThe Religion Of Islam / _c Maulana Muhammad Ali |
|
| 260 |
_bS Chand & Co, _c1987. _aNew Delhi: |
||
| 300 | _a784p | ||
| 942 |
_cBK _2ddc _h297 _iALI/R _k297 _mALI/R |
||